000 00471nam a2200181 4500
001 28928
003 00
005 20220819150909.0
007 00
008 00
020 _a0-13-294850-8
040 _c00
050 _a370.11
_b28928
245 _aExpanding Dimensions Of Instructional Objectives
_cBaker, Eva & Popham, James
260 _aNew Jersey
_bPrentice-Hall, Inc
_c1973
300 _a22.9cm
942 _2ddc
_cCIRC
_h370.11/BAK
_i28928
999 _c15429
_d15427